000 00515nam a2200217Ia 4500
003 OSt
005 20220924134506.0
006 a|||||r|||| 00| 0
007 ta
008 220923b |||||||| |||| 00| 0 snd d
024 _a274191
037 _cTextual
040 _aARTS
_cARTS
_bsnd
041 _2snd
_asnd
082 _aS:3, 1593K4.1-.3
100 _aVaswani
245 0 _aInqlabi sabag
260 _c1964
942 _hS:3, 1593K4.1-.3
_cTEXL
_2CC
999 _c437440
_d437440